000 01389cam a2200313 a 4500
001 15360453
005 20180827040549.0
008 080709s2009 gau bf 001 0 eng
010 _a 2008030017
016 7 _a101509657
_2DNLM
020 _a9780944235713 (pbk. : alk. paper)
020 _a0944235719 (pbk. : alk. paper)
035 _a(OCoLC)ocn150366165
037 _a1279646
_bQBI
040 _aDLC
_cDLC
_dQBX
_dBTCTA
_dBAKER
_dYDXCP
_dWS$
_dYDX
_dCHY
_dNLM
_dDLC
041 _aeng
080 _a616.99406
082 0 0 _a616.99406
_222
100 _a6
101 _aCAN
245 0 0 _aAmerican Cancer Society complete guide to complementary & alternative cancer therapies /
_csenior contributing editors, Terri Ades ... [et al.] ; editors, Jill Russell, Amy Rovere ; foreword, David Rosenthal.
246 3 _aComplete guide to complementary and alternative cancer therapies
246 3 0 _aComplementary & alternative cancer therapies
246 3 _aComplementary and alternative cancer therapies
504 _aIncludes bibliographical references and index.
906 _a7
_bcbc
_corignew
_d1
_eecip
_f20
_gy-gencatlg
942 _2ddc
_cBK
999 _c47330
_d47330